00383nam a2200133Ia 4500008004100000041000800041082001600049100002100065245005900086260004700145300001900192365000900211520002900220240719s9999 xx 000 0 und d aeng a659.196 LEW aLewis, Richard W aAbsolut Sequel The Absolut Advertising Story Continues aNorth ClarendonbPeriplus Tuttle Pubc2005 a267;. P. 29 Cm cb60 aGifted By : IMT Faculty